[Event "DEM U14 2008"]
[Site "Willingen GER"]
[Date "2008.05.16"]
[Round "8"]
[White "Titgemeyer, Sven"]
[Black "Müller, Tobias"]
[Result "1-0"]
[Termination "normal"]
[Board "9"]
[WhiteElo "1930"]
[BlackElo "1605"]
[PlyCount "56"]
[WhiteFideId "24676934"]
[BlackFideId "24643394"]
[EventCountry "GER"]
[EventRounds "9"]
[EventType "swiss"]
[EventDate "2008.05.10"]

1. e4 c5 2. Nf3 d6 3. d4 cxd4 4. Nxd4 Nf6 5. Nc3 g6 6. f4 Bg7 7. e5 dxe5 8.
fxe5 Nfd7 9. e6 Ne5 10. Bb5+ Nbc6 11. exf7+ Kxf7 12. O-O+ Bf6 13. Nxc6 bxc6 14.
Qe2 Kg7 15. Ba4 Ng4 16. Kh1 Qb6 17. Ne4 Qc7 18. Bf4 Be5 19. Bg3 Bf5 20. Rae1
Rab8 21. Nc5 Bxg3 22. Rxf5 Qd6 23. Rd1 Qxd1+ 24. Qxd1 gxf5 25. Qc1 Bh4 26. Ne6+
Kf6 27. Bb3 Nf2+ 28. Kg1 Ne4 1-0

[Event "DEM U14 2008"]
[Site "Willingen GER"]
[Date "2008.05.16"]
[Round "8"]
[White "Elkmann, Janek"]
[Black "von Schwerin, Clemens"]
[Result "1-0"]
[Termination "normal"]
[Board "10"]
[WhiteElo "1750"]
[BlackElo "1914"]
[PlyCount "135"]
[WhiteFideId "24691925"]
[BlackFideId "4613228"]
[EventCountry "GER"]
[EventRounds "9"]
[EventType "swiss"]
[EventDate "2008.05.10"]

1. e4 c6 2. d4 d5 3. Nc3 g6 4. Nf3 Bg4 5. Be2 Bg7 6. Be3 e6 7. O-O Ne7 8. h3
Bxf3 9. Bxf3 Nd7 10. Qd2 dxe4 11. Nxe4 Nf5 12. c3 Nb6 13. Bg5 f6 14. Bf4 e5 15.
dxe5 Qxd2 16. Bxd2 fxe5 17. Rad1 O-O 18. Rfe1 Nd5 19. Nc5 Rf7 20. Bc1 Nb6 21.
Be4 Nc4 22. Bc2 Re7 23. Bb3 b5 24. Bg5 Ree8 25. Rd7 h6 26. Bc1 Re7 27. Red1
Rae8 28. a4 Kh7 29. Rxe7 Rxe7 30. Bxc4 bxc4 31. Rd7 Rxd7 32. Nxd7 Ne7 33. Kf1
Kg8 34. Ke2 Kf7 35. Be3 Ke6 36. Nc5+ Kd5 37. Na6 c5 38. Bxc5 Nc8 39. Be3 Nb6
40. Nb4+ Kd6 41. a5 Nc8 42. Kd2 h5 43. Kc2 Bf6 44. b3 Bd8 45. a6 cxb3+ 46. Kxb3
Bb6 47. Kc4 Bxe3 48. fxe3 Ne7 49. e4 Nc6 50. Kb5 Ne7 51. c4 Ng8 52. c5+ Ke7 53.
Nd5+ Ke8 54. Kc6 Nh6 55. Kd6 Nf7+ 56. Ke6 Nd8+ 57. Kxe5 Nc6+ 58. Kf6 Nb8 59. e5
Nxa6 60. e6 Nxc5 61. e7 Ne4+ 62. Ke5 Kd7 63. Kxe4 a5 64. Ke5 a4 65. Kf6 a3 66.
Kf7 Kd6 67. e8=Q Kxd5 68. Qa8+ 1-0

[Event "DEM U14 2008"]
[Site "Willingen GER"]
[Date "2008.05.16"]
[Round "8"]
[White "Mirke, Roy"]
[Black "Rublack, Valentin"]
[Result "1-0"]
[Termination "normal"]
[Board "11"]
[WhiteElo "1776"]
[BlackElo "1577"]
[PlyCount "81"]
[WhiteFideId "24647306"]
[BlackFideId "24657387"]
[EventCountry "GER"]
[EventRounds "9"]
[EventType "swiss"]
[EventDate "2008.05.10"]

1. e4 e5 2. Nf3 Nc6 3. Nc3 Nf6 4. a3 d6 5. d4 exd4 6. Nxd4 Be7 7. Be2 O-O 8.
Be3 Re8 9. O-O Bf8 10. Nxc6 bxc6 11. Bf3 Bd7 12. Re1 Rb8 13. Rb1 c5 14. Bg5 Bc6
15. Nd5 Be7 16. Nxe7+ Rxe7 17. Qd2 Qd7 18. Qf4 Re6 19. e5 Rbe8 20. Bxf6 dxe5
21. Bxe5 Bxf3 22. gxf3 Qe7 23. Bc3 Qd7 24. Rbd1 Rxe1+ 25. Rxe1 Rxe1+ 26. Bxe1
Qe6 27. Qe4 Qc8 28. Bc3 Qd8 29. Kg2 h6 30. Qg4 f6 31. Qe6+ Kh7 32. Qc4 f5 33.
Qf4 Qd7 34. h4 Qf7 35. Qg3 h5 36. Qg5 Kh8 37. Kg3 Kh7 38. b3 c6 39. Kf4 g6 40.
Qf6 Qd7 41. Qh8# 1-0

[Event "DEM U14 2008"]
[Site "Willingen GER"]
[Date "2008.05.16"]
[Round "8"]
[White "Braun, Georg"]
[Black "Barzen, Pascal"]
[Result "1-0"]
[Termination "normal"]
[Board "12"]
[WhiteElo "1931"]
[BlackElo "1783"]
[PlyCount "69"]
[WhiteFideId "24629383"]
[BlackFideId "24653497"]
[EventCountry "GER"]
[EventRounds "9"]
[EventType "swiss"]
[EventDate "2008.05.10"]

1. e4 c6 2. d4 d5 3. exd5 cxd5 4. c4 Nf6 5. Nc3 e6 6. Nf3 Nc6 7. cxd5 Nxd5 8.
Bd3 Be7 9. O-O a6 10. Re1 b5 11. Nxd5 exd5 12. h3 Bb7 13. Bf4 O-O 14. Rc1 Bf6
15. Bb1 Qd7 16. Ne5 Bxe5 17. Qd3 g6 18. dxe5 Nd8 19. Bh6 Re8 20. f4 d4 21. Qg3
Ne6 22. f5 Ng7 23. e6 Nxe6 24. fxe6 Rxe6 25. Rf1 Re2 26. Rf2 Rae8 27. Rcf1 Bd5
28. Bd3 R2e5 29. Bf4 Re1 30. b3 Qe6 31. Bd2 Rxf1+ 32. Rxf1 Be4 33. Bxe4 Qxe4
34. Qf4 f5 35. Re1 1-0

[Event "DEM U14 2008"]
[Site "Willingen GER"]
[Date "2008.05.16"]
[Round "8"]
[White "Wolf, Christoph"]
[Black "Purgahn, Robin"]
[Result "1-0"]
[Termination "normal"]
[Board "13"]
[WhiteElo "1636"]
[BlackElo "1219"]
[PlyCount "33"]
[WhiteFideId "24650633"]
[EventCountry "GER"]
[EventRounds "9"]
[EventType "swiss"]
[EventDate "2008.05.10"]

1. e4 e5 2. Bc4 Nf6 3. d3 Bc5 4. Nc3 h6 5. f4 d6 6. Nf3 Nc6 7. Na4 Bd4 8. c3
Bb6 9. Nxb6 axb6 10. O-O Bg4 11. h3 Bh5 12. Qe1 Bxf3 13. Rxf3 Na5 14. Qg3 O-O
15. fxe5 dxe5 16. Bxh6 g6 17. Qxg6+ 1-0

[Event "DEM U14 2008"]
[Site "Willingen GER"]
[Date "2008.05.17"]
[Round "9"]
[White "Dünzel, Jonas"]
[Black "Kotainy, Jens"]
[Result "0-1"]
[Termination "normal"]
[Board "1"]
[WhiteElo "1972"]
[BlackElo "2112"]
[PlyCount "90"]
[WhiteFideId "24631167"]
[BlackFideId "24670499"]
[EventCountry "GER"]
[EventRounds "9"]
[EventType "swiss"]
[EventDate "2008.05.10"]

1. e4 e6 2. d4 d5 3. Nc3 Nf6 4. e5 Nfd7 5. f4 c5 6. Nf3 Nc6 7. Be3 Be7 8. dxc5
Nxc5 9. Be2 b6 10. Nd4 Nxd4 11. Bxd4 O-O 12. O-O Ba6 13. Bxa6 Nxa6 14. f5 exf5
15. Rxf5 Qd7 16. Rf3 Nc5 17. Kh1 Rad8 18. Rg3 f6 19. Bxc5 bxc5 20. Rd3 d4 21.
exf6 Rxf6 22. Ne4 Re6 23. Nd2 Bg5 24. Nc4 Qd5 25. b3 Rf8 26. Rf3 Rxf3 27. Qxf3
Qxf3 28. gxf3 Re2 29. Rg1 Be3 30. Nxe3 dxe3 31. c3 Kf7 32. b4 Rxa2 33. Re1 e2
34. Kg2 Ke6 35. bxc5 Kd5 36. c6 Kxc6 37. Kf2 Rd2 38. Rxe2 Rxe2+ 39. Kxe2 Kc5
40. Kd3 a5 41. f4 a4 42. Kd2 Kc4 43. Kc2 g6 44. Kb2 Kd3 45. h3 h6 0-1

[Event "DEM U14 2008"]
[Site "Willingen GER"]
[Date "2008.05.17"]
[Round "9"]
[White "Hager, Joshua Aarash"]
[Black "Schreiner, Till"]
[Result "1-0"]
[Termination "normal"]
[Board "2"]
[WhiteElo "2066"]
[BlackElo "2041"]
[PlyCount "83"]
[WhiteFideId "24642789"]
[BlackFideId "24675555"]
[EventCountry "GER"]
[EventRounds "9"]
[EventType "swiss"]
[EventDate "2008.05.10"]

1. e4 c5 2. Nc3 Nc6 3. Nf3 d6 4. d4 cxd4 5. Nxd4 Nf6 6. Bg5 e6 7. Qd2 Be7 8.
O-O-O a6 9. f4 Bd7 10. Nf3 Qa5 11. e5 Nd5 12. Nxd5 Qxd2+ 13. Rxd2 exd5 14. Bxe7
Kxe7 15. Rxd5 dxe5 16. Nxe5 Nxe5 17. Rxe5+ Kf6 18. Bc4 Bc6 19. Rd1 Rad8 20. Bd5
Bxd5 21. Rdxd5 h6 22. Rf5+ Kg6 23. Rfe5 Kf6 24. c3 Rxd5 25. Rxd5 g5 26. fxg5+
hxg5 27. h3 Rg8 28. Rd7 g4 29. h4 Rb8 30. Rd4 Kf5 31. g3 b5 32. Rf4+ Ke5 33.
Rxg4 f5 34. Rg6 a5 35. Kd2 Rd8+ 36. Ke3 b4 37. cxb4 axb4 38. Rb6 Rg8 39. Kf3
Rg4 40. h5 Rg5 41. h6 Rh5 42. a4 1-0

[Event "DEM U14 2008"]
[Site "Willingen GER"]
[Date "2008.05.17"]
[Round "9"]
[White "Bräuer, Franz"]
[Black "Berchtenbreiter, Maximilian"]
[Result "1/2-1/2"]
[Termination "normal"]
[Board "3"]
[WhiteElo "1908"]
[BlackElo "2064"]
[PlyCount "86"]
[WhiteFideId "24634468"]
[BlackFideId "24641120"]
[EventCountry "GER"]
[EventRounds "9"]
[EventType "swiss"]
[EventDate "2008.05.10"]

1. e4 c5 2. Nf3 d6 3. Bb5+ Nd7 4. O-O Ngf6 5. Re1 a6 6. Bf1 e6 7. c4 Be7 8. Nc3
O-O 9. d4 cxd4 10. Qxd4 Qc7 11. b3 Ne5 12. Be2 Nfd7 13. Bb2 b6 14. Rad1 Rd8 15.
h3 Bb7 16. Qe3 Qc5 17. Qf4 Nxf3+ 18. Qxf3 Ne5 19. Qg3 Rab8 20. Na4 Qc7 21. Nc3
Qc5 22. Na4 Qc7 23. Nc3 Ng6 24. Bh5 Bh4 25. Qg4 Qc5 26. Rd2 f5 27. Qd1 Bg5 28.
Rc2 Rbc8 29. exf5 Nh4 30. Ne4 Bxe4 31. Rxe4 d5 32. Rg4 dxc4 33. Qe1 Qxf5 34.
Rgxc4 Rxc4 35. Rxc4 Qd5 36. Bf3 Nxf3+ 37. gxf3 Qxf3 38. Qxe6+ Kh8 39. Rc8 Qf8
40. Rxd8 Qxd8 41. Bd4 b5 42. Bc3 h6 43. Qf7 Bf6 1/2-1/2

[Event "DEM U14 2008"]
[Site "Willingen GER"]
[Date "2008.05.17"]
[Round "9"]
[White "Kaphle, Sebastian"]
[Black "Mons, Leon"]
[Result "1/2-1/2"]
[Termination "normal"]
[Board "4"]
[WhiteElo "2113"]
[BlackElo "2063"]
[PlyCount "62"]
[WhiteFideId "24626708"]
[BlackFideId "4614950"]
[EventCountry "GER"]
[EventRounds "9"]
[EventType "swiss"]
[EventDate "2008.05.10"]

1. e4 e5 2. Nf3 Nc6 3. Nc3 Nf6 4. Bb5 Nd4 5. Ba4 Nxf3+ 6. Qxf3 Bc5 7. d3 O-O 8.
Bg5 c6 9. Bxf6 Qxf6 10. Qxf6 gxf6 11. g4 d6 12. Ne2 h5 13. h3 Kg7 14. f3 Be6
15. Ng3 hxg4 16. hxg4 b5 17. Bb3 a5 18. c3 a4 19. Bd1 Rh8 20. Nh5+ Kf8 21. f4
exf4 22. d4 Bb6 23. Bf3 Ke7 24. Kd2 b4 25. Kd3 Rhg8 26. Rhg1 a3 27. b3 c5 28.
c4 cxd4 29. Nxf4 Rg5 30. Rg2 Rh8 31. Rag1 Bc5 1/2-1/2

[Event "DEM U14 2008"]
[Site "Willingen GER"]
[Date "2008.05.17"]
[Round "9"]
[White "Wendling, Florian"]
[Black "Pauly, Carlo"]
[Result "0-1"]
[Termination "normal"]
[Board "5"]
[WhiteElo "1729"]
[BlackElo "1833"]
[PlyCount "46"]
[WhiteFideId "24640212"]
[BlackFideId "24673269"]
[EventCountry "GER"]
[EventRounds "9"]
[EventType "swiss"]
[EventDate "2008.05.10"]

1. e4 c5 2. Nf3 d6 3. d4 cxd4 4. Nxd4 Nf6 5. Nc3 a6 6. f3 e6 7. Be3 b5 8. a3
Bb7 9. Be2 Nbd7 10. O-O Qc7 11. Qd2 Be7 12. Rad1 O-O 13. Kh1 Rfd8 14. a4 b4 15.
Na2 d5 16. Nxb4 dxe4 17. c3 Nb6 18. a5 Nc4 19. Bxc4 exf3 20. gxf3 Qxc4 21. Qe1
Qc7 22. Ra1 Ng4 23. h3 Qh2# 0-1

[Event "DEM U14 2008"]
[Site "Willingen GER"]
[Date "2008.05.17"]
[Round "9"]
[White "Schindlbeck, Tobias"]
[Black "Sarchisov, Slavik"]
[Result "0-1"]
[Termination "normal"]
[Board "6"]
[WhiteElo "1888"]
[BlackElo "1982"]
[PlyCount "106"]
[WhiteFideId "24615510"]
[BlackFideId "24647888"]
[EventCountry "GER"]
[EventRounds "9"]
[EventType "swiss"]
[EventDate "2008.05.10"]

1. e4 c5 2. Nf3 d6 3. d4 cxd4 4. Nxd4 Nf6 5. Nc3 a6 6. Be2 e5 7. Nb3 Be7 8. O-O
O-O 9. Be3 Qc7 10. a4 Be6 11. a5 Nc6 12. Bb6 Qd7 13. Bf3 Bxb3 14. cxb3 Bd8 15.
Nd5 Nxd5 16. exd5 Ne7 17. Bxd8 Rfxd8 18. Qd3 f5 19. Be2 Rac8 20. Rfc1 Ng6 21.
Rc3 Nf4 22. Qd1 Qf7 23. Bc4 Kh8 24. Rac1 Rg8 25. b4 Qg6 26. Bf1 Rxc3 27. Rxc3
Qf7 28. Bc4 Rc8 29. Bb3 Rxc3 30. bxc3 Qc7 31. g3 Ng6 32. Qd3 Ne7 33. Kf1 g6 34.
Ke2 Kg7 35. c4 b6 36. axb6 Qxb6 37. Qc3 a5 38. bxa5 Qc5 39. Qa1 Nc8 40. Qa4 Kh6
41. Qc6 Qa3 42. Qxc8 Qxb3 43. a6 Qa2+ 44. Kf3 e4+ 45. Kg2 e3 46. h4 Qxf2+ 47.
Kh3 Qg1 48. g4 Qxg4+ 49. Kh2 Qxh4+ 50. Kg2 e2 51. Qf8+ Kh5 52. Qg7 e1=Q 53.
Qxh7+ Kg5 0-1

[Event "DEM U14 2008"]
[Site "Willingen GER"]
[Date "2008.05.17"]
[Round "9"]
[White "Neumair, Jerome"]
[Black "Mirke, Roy"]
[Result "1/2-1/2"]
[Termination "normal"]
[Board "7"]
[WhiteElo "1987"]
[BlackElo "1776"]
[PlyCount "176"]
[WhiteFideId "24672637"]
[BlackFideId "24647306"]
[EventCountry "GER"]
[EventRounds "9"]
[EventType "swiss"]
[EventDate "2008.05.10"]

1. d4 Nf6 2. c4 g6 3. Nc3 d5 4. cxd5 Nxd5 5. e4 Nxc3 6. bxc3 Bg7 7. Nf3 O-O 8.
Be2 c5 9. Be3 Nc6 10. Qd2 cxd4 11. cxd4 Na5 12. Rc1 b6 13. h4 h5 14. Bh6 Bg4
15. Bxg7 Kxg7 16. Ne5 Bxe2 17. Kxe2 f6 18. Nc4 Nxc4 19. Rxc4 Qd7 20. f3 Rac8
21. Rxc8 Rxc8 22. Rb1 Qa4 23. Rb3 Rc4 24. Ke3 Qc6 25. Kd3 e5 26. d5 Rd4+ 27.
Ke3 Qc5 28. Rd3 Rxd5+ 29. Ke2 Rxd3 30. Qxd3 Qc7 31. a4 Qe7 32. Qa6 Qd7 33. Ke1
Qc7 34. Kd2 Kf8 35. Ke2 Ke7 36. Kf1 Qc1+ 37. Ke2 Qc2+ 38. Kf1 Qd1+ 39. Kf2 Qd2+
40. Kg3 Qf4+ 41. Kf2 Qd2+ 42. Kg3 Qd7 43. Kf2 g5 44. hxg5 fxg5 45. Ke2 h4 46.
Ke1 Qc7 47. Kd2 Qd6+ 48. Ke2 Qc7 49. Kd2 Kf6 50. Kd1 Qd7+ 51. Ke2 g4 52. fxg4
Qxg4+ 53. Kf1 Qf4+ 54. Kg1 Qe3+ 55. Kf1 h3 56. gxh3 Qxh3+ 57. Kf2 Qh2+ 58. Ke1
Qg3+ 59. Kf1 Qf3+ 60. Kg1 Qe3+ 61. Kf1 Qc1+ 62. Ke2 Qc2+ 63. Kf1 Qc7 64. Ke2
Kg5 65. Ke3 Qc3+ 66. Ke2 Kf4 67. Qxa7 Qb2+ 68. Kd3 Qd4+ 69. Ke2 Qxe4+ 70. Kd2
Qb4+ 71. Kc1 Qc3+ 72. Kd1 Qd4+ 73. Ke2 Qb2+ 74. Kd3 Qb3+ 75. Ke2 Qc2+ 76. Kf1
Qc1+ 77. Kf2 Qd2+ 78. Kf1 Kf3 79. Qf7+ Qf4 80. Qb3+ Qe3 81. Qd5+ e4 82. Qf5+
Kg3 83. Qg6+ Kh4 84. Qf6+ Kg4 85. Qg6+ Kh4 86. Qf6+ Kg3 87. Qg6+ Kf3 88. Qh5+
Kf4 1/2-1/2

[Event "DEM U14 2008"]
[Site "Willingen GER"]
[Date "2008.05.17"]
[Round "9"]
[White "Elkmann, Janek"]
[Black "Tiemann, Tobias"]
[Result "1/2-1/2"]
[Termination "normal"]
[Board "8"]
[WhiteElo "1750"]
[BlackElo "1886"]
[PlyCount "140"]
[WhiteFideId "24691925"]
[BlackFideId "4642350"]
[EventCountry "GER"]
[EventRounds "9"]
[EventType "swiss"]
[EventDate "2008.05.10"]

1. e4 c5 2. Nf3 e6 3. d4 cxd4 4. Nxd4 Nc6 5. Nc3 Qc7 6. Be3 a6 7. a4 Nf6 8. Be2
Bb4 9. f3 d5 10. O-O e5 11. Nxc6 Bxc3 12. bxc3 Qxc6 13. Bd3 dxe4 14. fxe4 Qxc3
15. h3 O-O 16. Qf3 Be6 17. Rab1 Bc4 18. Bg5 Bxd3 19. cxd3 Qc5+ 20. Kh1 Ne8 21.
Rxb7 f6 22. Be3 Qc6 23. Rb4 Qc3 24. Rfb1 Qxd3 25. R4b3 Qd7 26. a5 Nc7 27. Rb7
Qc8 28. Qg3 Kh8 29. Bc5 Rg8 30. R7b3 Nb5 31. Bb6 Qc2 32. Qe3 Rac8 33. Kh2 Rc4
34. Rb4 Rgc8 35. Rxc4 Rxc4 36. Rxb5 axb5 37. a6 Qxe4 38. a7 Qa8 39. Qb3 h6 40.
Qd3 Ra4 41. Qxb5 Rxa7 42. Bxa7 Qxa7 43. Qc6 Qf2 44. Qa8+ Kh7 45. Qe4+ Kg8 46.
Qd5+ Kf8 47. Qd8+ Kf7 48. Qd7+ Kg6 49. Qg4+ Kh7 50. Qe4+ f5 51. Qxe5 Qc2 52.
Qd6 Qe4 53. Qc7 f4 54. Qb8 h5 55. Qb5 g6 56. Qd7+ Kh6 57. Qd6 Kg5 58. Qd8+ Kf5
59. Qf8+ Ke5 60. Qe7+ Kd4 61. Qd6+ Ke3 62. Qb6+ Ke2 63. Qb2+ Kd1 64. Qb3+ Kc1
65. Qc3+ Kd1 66. Qb3+ Ke2 67. Qb2+ Kd3 68. Qb3+ Kd4 69. Qb4+ Ke3 70. Qc3+ Ke2
1/2-1/2

[Event "DEM U14 2008"]
[Site "Willingen GER"]
[Date "2008.05.17"]
[Round "9"]
[White "Wolf, Christoph"]
[Black "Titgemeyer, Sven"]
[Result "1-0"]
[Termination "normal"]
[Board "9"]
[WhiteElo "1636"]
[BlackElo "1930"]
[PlyCount "39"]
[WhiteFideId "24650633"]
[BlackFideId "24676934"]
[EventCountry "GER"]
[EventRounds "9"]
[EventType "swiss"]
[EventDate "2008.05.10"]

1. e4 e5 2. Nf3 Nc6 3. Bc4 Nf6 4. Ng5 d5 5. exd5 b5 6. Bf1 Nd4 7. c3 Nxd5 8.
cxd4 Qxg5 9. Bxb5+ Kd8 10. Qf3 Bb7 11. O-O Kc8 12. d3 Qg6 13. Qh3+ Kb8 14. dxe5
Qb6 15. Bc4 g5 16. Nc3 Nf4 17. Bxf4 gxf4 18. Bd5 Bxd5 19. Nxd5 Qd4 20. Qd7 1-0

[Event "DEM U14 2008"]
[Site "Willingen GER"]
[Date "2008.05.17"]
[Round "9"]
[White "Hampel, Felix"]
[Black "Kropman, Alexei"]
[Result "0-1"]
[Termination "normal"]
[Board "10"]
[WhiteElo "1992"]
[BlackElo "1920"]
[PlyCount "60"]
[WhiteFideId "24668125"]
[BlackFideId "24670723"]
[EventCountry "GER"]
[EventRounds "9"]
[EventType "swiss"]
[EventDate "2008.05.10"]

1. e4 e5 2. f4 Nc6 3. Nf3 f5 4. exf5 e4 5. Ne5 Nf6 6. Bc4 d5 7. Bb5 Qd6 8. d4
Be7 9. O-O O-O 10. Nc3 Bxf5 11. Be3 a6 12. Nxc6 bxc6 13. Be2 Qd7 14. h3 Bd6 15.
Qd2 Qf7 16. Na4 Qg6 17. Kh1 Nh5 18. Bxh5 Qxh5 19. Rae1 Rf6 20. Qe2 Qh4 21. Qf2
Qh5 22. Qe2 Qxe2 23. Rxe2 Rff8 24. b3 h5 25. c4 a5 26. c5 Be7 27. Rb2 Rfb8 28.
Rfb1 Rb5 29. b4 axb4 30. Rxb4 Rxa4 0-1

[Event "DEM U14 2008"]
[Site "Willingen GER"]
[Date "2008.05.17"]
[Round "9"]
[White "Müller, Tobias"]
[Black "Braun, Georg"]
[Result "1/2-1/2"]
[Termination "normal"]
[Board "11"]
[WhiteElo "1605"]
[BlackElo "1931"]
[PlyCount "47"]
[WhiteFideId "24643394"]
[BlackFideId "24629383"]
[EventCountry "GER"]
[EventRounds "9"]
[EventType "swiss"]
[EventDate "2008.05.10"]

1. c4 c5 2. Nc3 Nc6 3. g3 g6 4. Bg2 Bg7 5. d3 d6 6. e4 e6 7. Nge2 Nge7 8. O-O
O-O 9. Be3 Nd4 10. Qd2 Nec6 11. Bh6 Qf6 12. Bxg7 Qxg7 13. Nxd4 Nxd4 14. Rae1 e5
15. f4 f6 16. Ne2 Nc6 17. Nc3 Bd7 18. Nd5 Be6 19. Ne3 Rae8 20. f5 Bc8 21. a3 b6
22. b4 Nd4 23. b5 Bb7 24. a4 1/2-1/2

[Event "DEM U14 2008"]
[Site "Willingen GER"]
[Date "2008.05.17"]
[Round "9"]
[White "Kügel, Tobias"]
[Black "von Schwerin, Clemens"]
[Result "1/2-1/2"]
[Termination "normal"]
[Board "12"]
[WhiteElo "1894"]
[BlackElo "1914"]
[PlyCount "57"]
[WhiteFideId "4636295"]
[BlackFideId "4613228"]
[EventCountry "GER"]
[EventRounds "9"]
[EventType "swiss"]
[EventDate "2008.05.10"]

1. e4 c6 2. d4 d5 3. Nd2 dxe4 4. Nxe4 Bf5 5. Ng3 Bg6 6. Nf3 Nd7 7. Bd3 Bxd3 8.
Qxd3 Ngf6 9. O-O e6 10. Ne4 Qc7 11. Be3 O-O-O 12. Nxf6 gxf6 13. Nd2 Bd6 14. g3
f5 15. f4 h5 16. Kf2 h4 17. Rg1 hxg3+ 18. hxg3 f6 19. Nc4 Be7 20. Rad1 Nc5 21.
Qe2 Rh2+ 22. Rg2 Ne4+ 23. Kf3 Rh3 24. Nd2 e5 25. Nxe4 fxe4+ 26. Kxe4 Qd7 27.
Kf3 exf4 28. Bxf4 Re8 29. Re1 1/2-1/2

[Event "DEM U14 2008"]
[Site "Willingen GER"]
[Date "2008.05.17"]
[Round "9"]
[White "Rublack, Valentin"]
[Black "Pältz, Sebastian"]
[Result "0-1"]
[Termination "normal"]
[Board "13"]
[WhiteElo "1577"]
[BlackElo "1753"]
[PlyCount "74"]
[WhiteFideId "24657387"]
[BlackFideId "24648027"]
[EventCountry "GER"]
[EventRounds "9"]
[EventType "swiss"]
[EventDate "2008.05.10"]

1. e4 e5 2. Nf3 Nc6 3. Bc4 Bc5 4. c3 Nf6 5. d3 h6 6. O-O d6 7. h3 Be6 8. Bb3 d5
9. exd5 Bxd5 10. Re1 Bxf3 11. Qxf3 O-O 12. Ba4 e4 13. dxe4 Ne5 14. Qg3 Nd3 15.
Rd1 Nxe4 16. Qxd3 Nxf2 17. Qc4 Nxd1+ 18. Qxc5 c6 19. Nd2 Nxb2 20. Bxb2 Qxd2 21.
Ba3 Rfe8 22. Qd4 Qg5 23. Bc1 Re1+ 24. Kh2 Rxc1 25. Rxc1 Qxc1 26. Bb3 Re8 27.
Qf2 Re7 28. Qd4 Qe3 29. Qg4 Qe5+ 30. Kh1 Qc7 31. Kg1 Re1+ 32. Kf2 Qe7 33. Qc8+
Qe8 34. Bxf7+ Kxf7 35. Qxb7+ Kg8 36. Qxa7 Qe2+ 37. Kg3 Qe3+ 0-1

[Event "DEM U14 2008"]
[Site "Willingen GER"]
[Date "2008.05.17"]
[Round "9"]
[White "Barzen, Pascal"]
[Black "Purgahn, Robin"]
[Result "1-0"]
[Termination "normal"]
[Board "14"]
[WhiteElo "1783"]
[BlackElo "1219"]
[PlyCount "51"]
[WhiteFideId "24653497"]
[EventCountry "GER"]
[EventRounds "9"]
[EventType "swiss"]
[EventDate "2008.05.10"]

1. e4 e5 2. Nf3 Nc6 3. Bb5 Nf6 4. O-O Bc5 5. d3 d6 6. h3 O-O 7. Re1 Be6 8. Nbd2
Qd7 9. Qe2 Bxh3 10. gxh3 Qxh3 11. Qf1 Qh5 12. Qg2 Ng4 13. Re2 Nd4 14. Nxd4 Bxd4
15. Nf3 f5 16. Nxd4 exd4 17. Bc4+ Kh8 18. f4 Rf6 19. exf5 Qxf5 20. Qd5 Qxd5 21.
Bxd5 Rb8 22. Bf3 Rg6 23. Rg2 h5 24. Bd2 c6 25. Re1 Kh7 26. Be4 1-0

[Event "DEM U14w 2008"]
[Site "Willingen GER"]
[Date "2008.05.11"]
[Round "1"]
[White "Klek, Hanna-Marie"]
[Black "Evers, Annika"]
[Result "1-0"]
[Termination "normal"]
[Board "1"]
[WhiteElo "1919"]
[BlackElo "1516"]
[PlyCount "73"]
[WhiteFideId "24670057"]
[BlackFideId "24691933"]
[EventCountry "GER"]
[EventRounds "9"]
[EventType "swiss"]
[EventDate "2008.05.10"]

1. e4 c5 2. Nf3 e6 3. d3 d5 4. Nbd2 Nc6 5. g3 Bd6 6. Bg2 Nf6 7. Qe2 Qc7 8. O-O
O-O 9. Re1 dxe4 10. dxe4 e5 11. c3 Bg4 12. h3 Be6 13. Ng5 Bd7 14. Nc4 h6 15.
Nf3 Be7 16. Ne3 Qc8 17. Nd5 Bxh3 18. Nxe5 Nxd5 19. exd5 Nxe5 20. Bxh3 Qxh3 21.
Qxe5 Bf6 22. Qe4 h5 23. Bf4 b6 24. Rad1 h4 25. gxh4 Qg4+ 26. Bg3 Qxe4 27. Rxe4
Rfe8 28. Rxe8+ Rxe8 29. Kf1 Kh7 30. d6 Rd8 31. d7 a5 32. Bc7 Ra8 33. d8=Q Bxd8
34. Rxd8 Ra6 35. Rd6 Ra7 36. Bxb6 Rb7 37. b3 1-0

[Event "DEM U14w 2008"]
[Site "Willingen GER"]
[Date "2008.05.11"]
[Round "1"]
[White "Tran, My Linh"]
[Black "Schulz, Anja"]
[Result "0-1"]
[Termination "normal"]
[Board "2"]
[WhiteElo "1480"]
[BlackElo "1863"]
[PlyCount "50"]
[WhiteFideId "24682462"]
[BlackFideId "24647845"]
[EventCountry "GER"]
[EventRounds "9"]
[EventType "swiss"]
[EventDate "2008.05.10"]

1. e4 c5 2. Nf3 d6 3. d4 cxd4 4. Nxd4 Nf6 5. Nc3 a6 6. Be3 e5 7. Nb3 Be6 8. Be2
Be7 9. O-O O-O 10. Qd2 Nbd7 11. Bg5 b5 12. a3 Qc7 13. Qe3 h6 14. Bxf6 Nxf6 15.
Rfd1 Nd7 16. Qg3 Nb6 17. Nd2 Kh8 18. Bg4 Rad8 19. f4 exf4 20. Qxf4 Bg5 21. Qg3
Qc5+ 22. Kh1 Bxd2 23. Rxd2 Nc4 24. b4 Qg5 25. Rd3 Qxg4 0-1

[Event "DEM U14w 2008"]
[Site "Willingen GER"]
[Date "2008.05.11"]
[Round "1"]
[White "Stark, Saskia"]
[Black "Hümmecke, Miriam"]
[Result "1-0"]
[Termination "normal"]
[Board "3"]
[WhiteElo "1926"]
[BlackElo "1471"]
[PlyCount "69"]
[WhiteFideId "4601050"]
[EventCountry "GER"]
[EventRounds "9"]
[EventType "swiss"]
[EventDate "2008.05.10"]

1. e4 e5 2. Nf3 Nc6 3. d4 exd4 4. Nxd4 Qf6 5. Be3 Bc5 6. c3 Nge7 7. Bc4 Ne5 8.
Be2 d6 9. O-O O-O 10. Nd2 a6 11. b4 Ba7 12. a4 h6 13. Kh1 Qh4 14. f3 f5 15. Bf2
Qf6 16. exf5 Bxf5 17. Nc4 Rfd8 18. b5 Nxc4 19. Bxc4+ d5 20. Bd3 a5 21. Re1 Re8
22. Ra2 Qg6 23. Nxf5 Nxf5 24. Rxe8+ Rxe8 25. Bxa7 b6 26. g4 Ng3+ 27. hxg3 Qd6
28. Kg2 Ra8 29. Rd2 Rxa7 30. Be4 Qc5 31. Rxd5 Qxc3 32. Rd8+ Kf7 33. Qd7+ Kf6
34. Qf5+ Ke7 35. Rd7+ 1-0

[Event "DEM U14w 2008"]
[Site "Willingen GER"]
[Date "2008.05.11"]
[Round "1"]
[White "Schäfer, Daniela"]
[Black "Weißenburg, Isabel"]
[Result "1-0"]
[Termination "normal"]
[Board "5"]
[WhiteElo "1785"]
[BlackElo "1406"]
[PlyCount "65"]
[WhiteFideId "4624769"]
[BlackFideId "4612922"]
[EventCountry "GER"]
[EventRounds "9"]
[EventType "swiss"]
[EventDate "2008.05.10"]

1. e4 c5 2. Nf3 d6 3. d4 cxd4 4. Nxd4 Nf6 5. Nc3 a6 6. a4 e6 7. g3 Be7 8. Bg2
Qc7 9. O-O O-O 10. a5 e5 11. Nb3 Be6 12. Be3 Nbd7 13. Nd5 Nxd5 14. exd5 Bf5 15.
c3 Bg6 16. f4 f5 17. fxe5 dxe5 18. Qd2 Bd6 19. Rad1 Bh5 20. Bf3 Bxf3 21. Rxf3
f4 22. gxf4 exf4 23. Bd4 Ne5 24. Bxe5 Bxe5 25. d6 Qc6 26. Qd5+ Qxd5 27. Rxd5
Rf5 28. Kf1 Rg5 29. h4 Rf5 30. d7 Rd8 31. Nc5 Rf7 32. Rxe5 Kf8 33. Ne6+ 1-0